|
|
|
|
| LEADER |
01091nam a2200301 4500 |
| 001 |
28807 |
| 003 |
BD-DhAAL |
| 005 |
20150111152809.0 |
| 008 |
150111s1948 nyu 000 1 eng |
| 010 |
|
|
|a 72000397
|
| 020 |
|
|
|a 0075536625
|
| 020 |
|
|
|a 0394717929
|
| 040 |
|
|
|a DLC
|c DLC
|d DLC
|d OCoLC
|d DLC
|d BD-DhAAL
|
| 043 |
|
|
|a n-usu--
|
| 050 |
1 |
0 |
|a PZ3.F272
|b In5
|a PS3511.A86
|
| 082 |
0 |
0 |
|a 813/.5/2
|
| 100 |
1 |
|
|a Faulkner, William,
|d 1897-1962.
|9 7327
|
| 245 |
1 |
0 |
|a Intruder in the dust /
|c Faulkner, William.
|
| 260 |
|
|
|a New York :
|b Random House;
|c c1948.
|
| 300 |
|
|
|a 247 p.
|c 19 cm.
|
| 541 |
|
|
|e 28807
|
| 650 |
|
0 |
|a African Americans
|x Crimes against
|v Fiction.
|9 7335
|
| 650 |
|
0 |
|a Race relations
|v Fiction.
|9 6860
|
| 651 |
|
0 |
|a Mississippi
|v Fiction.
|9 7336
|
| 655 |
|
7 |
|a Legal stories.
|2 gsafd
|9 6258
|
| 942 |
|
|
|2 ddc
|c BK
|
| 999 |
|
|
|c 33458
|d 33458
|
| 952 |
|
|
|0 0
|1 0
|2 ddc
|4 0
|6 813_520000000000000_FAU
|7 0
|9 44719
|a BRACUL
|b BRACUL
|c GEN
|d 2015-01-11
|e BRAC Institute of Language (BIL)
|l 3
|m 38
|o 813.52 FAU
|p 3010028807
|r 2026-04-06
|s 2026-01-16
|t 1
|w 2015-01-11
|y BK
|x Transferred from BIL to BRACUL on 06/06/22
|